Statistics for Magical Things

Click here to take the quiz!

General Stats

  • This quiz has been taken 31,984 times
  • The average score is 11 of 20

Answer Stats

ClueAnswer% Correct
How Aladdin fliesMagic Carpet
96%
Superman's weaknessKryptonite
91%
Prison for a genieMagic Lamp
88%
Tells who is the fairest of them allMagic Mirror
87%
King Arthur's swordExcalibur
84%
Put a pin in this to hurt a
person from afar
Voodoo Doll
74%
"Blessed" substance feared
by vampires
Holy Water
69%
Most powerful "Harry Potter" wandElder Wand
51%
Drinking vessel said to give immortalityHoly Grail
50%
Kiss this Irish rock to get
"the gift of gab"
Blarney Stone
47%
"... and in the darkness bind them"One Ring
44%
Substance that goes higher
with each bounce
Flubber
43%
Object of the Argonauts questGolden Fleece
42%
Fed the Israelites in the desertManna
42%
What brought Frosty to lifeSilk Hat
37%
Triangular relic from "Zelda"Triforce
31%
Turns base metals into goldPhilosopher's Stone
28%
What they mined for in "Avatar"Unobtainium
28%
"Cursed" blue diamondHope Diamond
21%
Crystal in a "Star Trek" warp driveDilithium
13%

Score Distribution

Percentile by Number Answered

Percent of People with Each Score

Your Score History

You have not taken this quiz